Selección de Realidad y Perspectivas.
Сохранить в:
| Другие авторы: | , , , |
|---|---|
| Формат: | |
| Опубликовано: |
Santiago, Chile:
RiL editores,
2017.
|
| Редактирование: | Primera edición. |
| Предметы: | |
| Метки: |
Добавить метку
Нет меток, Требуется 1-ая метка записи!
|
MARC
| LEADER | 00000nam a22000007a 4500 | ||
|---|---|---|---|
| 003 | CL-VaPUC | ||
| 005 | 20250304132056.0 | ||
| 008 | 241010t2017 ||||| |||| 00| 0 eng d | ||
| 999 | |c 445086 |d 445084 | ||
| 020 | |a 978-956-01-0458-8 | ||
| 040 | |c Pontificia Universidad Católica de Valparaíso | ||
| 082 | |a 327.1 ROD 2017 | ||
| 100 | 1 | |a Rodríguez Elizondo, José |e director |9 896288 | |
| 245 | |a Selección de Realidad y Perspectivas. | ||
| 250 | |a Primera edición. | ||
| 260 | |a Santiago, Chile: |b RiL editores, |c 2017. | ||
| 300 | |a 359 páginas. | ||
| 500 | |a c.1 Donación Rectoría. 10-10-2024 | ||
| 583 | |c 20241010 |k Catalogador Asistente | ||
| 610 | 0 | |9 866285 |a Universidad de Chile |b Facultad de Derecho |t Revista Realidad y Perspectivas |x Periodismo de investigación |v Relaciones internacionales |z Chile | |
| 650 | 0 | |a Relaciones internacionales |9 861925 |x Política internacional |x Periodismo de investigación | |
| 700 | |a Cortés Beltrán, Sergio |e editor |9 892194 | ||
| 700 | |a Flores Díaz, Sebastián |e editor |9 892195 | ||
| 700 | |a Letelier Eltit, Matías |e editor |9 892196 | ||
| 942 | |2 ddc |c BK | ||
| 952 | |0 0 |1 0 |2 ddc |4 0 |6 327_100000000000000_ROD_2017 |7 0 |8 A |9 597297 |a BIBHIS |b BIBHIS |d 2024-10-10 |e Donación |i 5663011 |o 327.1 ROD 2017 |p 5663011 |r 2025-01-20 |t 1 |w 2024-10-10 |y BK |k HIS | ||